000 00636nam a2200217Ia 4500
003 OSt
005 20230330154918.0
008 210423s2009 xx 000 0 und d
020 _a9788173816079
040 _cAL
041 _aeng
082 _a657.95 PAUS
100 _aPAUL (S Kr);PAUL (Chandrani).
_980411
245 _aCorporate accounting: comprehensive coverage of corporate accounting. V2.
260 _aLondon
_bNew Central Book Agency
_c2009
300 _axxviii,25.91
_bPB
365 _b205
_cINR
440 _v2
906 _aaccounting. ; accounting: ; comprehensive ; Corporate ; coverage ; V2.
942 _2ddc
_cBK
999 _c157625
_d157625